Surveyor variability in large-scale house condition surveys (Record no. 68452)
[ view plain ]
| 000 -LEADER | |
|---|---|
| fixed length control field | 01387cam a2200277 4500 |
| 001 - CONTROL NUMBER | |
| control field | ABS64486 |
| 008 - FIXED-LENGTH DATA ELEMENTS--GENERAL INFORMATION | |
| fixed length control field | 011003n2001 000 0 eng u |
| 035 ## - SYSTEM CONTROL NUMBER | |
| System control number | (Sirsi) u114964 |
| 100 ## - MAIN ENTRY--PERSONAL NAME | |
| Personal name | Kempton, J. |
| 245 ## - TITLE STATEMENT | |
| Title | Surveyor variability in large-scale house condition surveys |
| 260 ## - PUBLICATION, DISTRIBUTION, ETC. | |
| Date of publication, distribution, etc. | 2001 |
| 490 ## - SERIES STATEMENT | |
| Series statement | Structural Survey |
| Volume/sequential designation | 19(4) 2001, 156-162(7) |
| 520 ## - SUMMARY, ETC. | |
| Summary, etc. | Deals with surveyor variability, in identifying defects, when undertaking surveys of residential properties. The findings are based on a sample of 38 surveyors who took part in a large-scale house condition survey (LSHCS). Seeks to quantify the extent of the variability of surveyors in LSHCS, and suggests methods to try to reduce the incidence of variability. Also discusses the variability in surveyors' perceptions of the lifetimes for building elements. Concludes that a mechanism for assessing individual surveyors' variable tendencies needs to be developed to try to reduce the impact of variability at the survey data analysis stage. (Taken from journal headnote). |
| 590 ## - LOCAL NOTE (RLIN) | |
| Local note | ABS |
| 650 ## - SUBJECT ADDED ENTRY--TOPICAL TERM | |
| Topical term or geographic name entry element | HOUSE CONDITION SURVEYS |
| 650 ## - SUBJECT ADDED ENTRY--TOPICAL TERM | |
| Topical term or geographic name entry element | DEFECTS |
| 650 ## - SUBJECT ADDED ENTRY--TOPICAL TERM | |
| Topical term or geographic name entry element | SURVEYORS |
| 650 ## - SUBJECT ADDED ENTRY--TOPICAL TERM | |
| Topical term or geographic name entry element | VARIANTS |
| 650 ## - SUBJECT ADDED ENTRY--TOPICAL TERM | |
| Topical term or geographic name entry element | COSTS |
| 650 ## - SUBJECT ADDED ENTRY--TOPICAL TERM | |
| Topical term or geographic name entry element | Refurbishment |
| 9 (RLIN) | 6264 |
| 690 ## - LOCAL SUBJECT ADDED ENTRY--TOPICAL TERM (OCLC, RLIN) | |
| Topical term or geographic name as entry element | BUILT ENVIRONMENT-BUILDING INSPECTION |
| 700 ## - ADDED ENTRY--PERSONAL NAME | |
| Personal name | Nichol, S. |
| 700 ## - ADDED ENTRY--PERSONAL NAME | |
| Personal name | Anumba, C. J. |
| 700 ## - ADDED ENTRY--PERSONAL NAME | |
| Personal name | Dickens, J. |
| 942 ## - ADDED ENTRY ELEMENTS (KOHA) | |
| Suppress in OPAC | 0 |
| Withdrawn status | Lost status | Source of classification or shelving scheme | Damaged status | Not for loan | Home library | Current library | Shelving location | Date acquired | Total Checkouts | Full call number | Barcode | Date last seen | Copy number | Price effective from | Koha item type |
|---|---|---|---|---|---|---|---|---|---|---|---|---|---|---|---|
| Dewey Decimal Classification | London | London | Journal article | 03/10/2001 | ABS64486 | 114964-1001 | 06/08/2019 | 1 | 06/08/2019 | Journal article |